La Palabra Muda. ensayo sobre las contradicciones de la literatura (Registro nro. 182957)

Detalles MARC
000 -ENCABEZADO
Número de control [NR] 00913 a2200241 4500
005 - FECHA Y HORA DE LA ÚLTIMA TRANSACCIÓN
control field 20140903174959.0
008 - DE LONGITUD FIJA DE DATOS DE ELEMENTOS - INFORMACIÓN GENERAL
Elementos de longitud fija [NR] 131127s2009 ag frn 001 0dspa d
020 ## - NUMERO INTERNACIONAL NORMALIZADO PARA LIBROS [R]
Número Internacional Normalizado del libro [NR] 9789872514068
040 ## - FUENTE DE CATALOGACION [NR]
Agencia de catalogación original [NR] CO-BoUCM
Idioma de catalogación [NR] spa
Quien Cataloga
Quien Clasifica Diana Londoño
041 00 - CODIGO DE IDIOMA [R]
Código de idioma para texto/pista de sonido o título separado [R] Español
100 1# - ASIENTO PRINCIPAL--NOMBRE PERSONAL [NR]
Nombre personal [NR] Ranciére, Jacques
ID Autoridad 52864
245 13 - MENCION DE TITULO [NR]
Título [NR] La Palabra Muda. ensayo sobre las contradicciones de la literatura
Mención de responsabilidad, etc. [NR] Jacques Ranciére ; traducción Cecilia González
260 ## - PUBLICACION, DISTRIBUCION, ETC. (PIE DE IMPRENTA) [R]
Lugar de publicación, distribución, etc. [R] Buenos Aires (Argentina)
Nombre del editor, distribuidor, etc. [R] Eterna Cadencia Editora
Fecha de publicación, distribución, etc. [R] 2009
300 ## - DESCRIPCION FISICA [R]
Extensión [R] 236 páginas
490 0# - MENCION DE SERIE [R]
Mención de serie [R] Ex libris
500 ## - NOTA GENERAL [R]
Nota general [NR] Incluye índice
650 ## - ASIENTO SECUNDARIO DE MATERIA - TERMINO TEMATICO [R]
Término temático o nombre geográfico como elemento de entrada [NR] Ensayos franceses
Subdivisión cronológica [R] Siglo XX
9 (RLIN) 54495
690 ## - ASUNTO AGREGADO LOCAL DE ENTRADA - TÉRMINO TEMÁTICO (OCLC, RLIN)
9 (RLIN) 42863
Acceso temático local Literatura europea
700 1# - ASIENTO SECUNDARIO - NOMBRE PERSONAL [R]
Nombre personal [NR] González, Cecilia
Término de relación [R] traductor
9 (RLIN) 53806
765 0# - ASIENTO DE IDIOMA ORIGINAL [R]
Título [NR] La parole muette : essai sur les contradictions de la littérature
942 ## - ELEMENTOS DE ENTRADA AGREGADOS (KOHA)
Tipo de ítem principal el descrito en 300a Libro
Tema principal Generalidades
Edición 1
Parte restante de la signatura top. R185p
Sistema de clasificación DEWEY
Clasificación 844.91
Existencias
Fecha de último préstamo Total préstamos Total Renewals Signatura topográfica Código de barras Última vez visto Ejemplar Costo de reposición Price effective from Tipo de ítem Perdido Sistema de clasificación Dañado No prestable Tipo de ítem específico Suprimido Ubicación habitual Ubicación actual Localización Fecha de creación Proveedor Forma de adquisición Costo
12/04/2026 3 4 844.91 R185p 100139708 12/04/2026 Ej.1 53400.00 06/12/2013 Libro   DEWEY     Libro   Claustro Claustro 2do piso 06/12/2013 15 Compra 53400.00